000 01717nam a2200289Ia 4500
999 _c44016
_d44016
001 10766
003 GE_BSU
005 20200506174745.0
008 181216s2013ge xx |||||||||||||| ||geo||
020 _a9789941106750
040 _cGE_BSU
041 _ageo
080 _a343.98(075.8) ფ-32
100 _aფაფიაშვილი, შოთა
_93829
245 _a კრიმინალისტიკა ; (განსაკუთრებული ნაწილი):დანაშაულთა გამოძიებისა და გახსნის მეთოდიკა :
_bსახელმძღვანელო /
_cშოთა გიორგის ძე ფაფიაშვილი ; რედ. ჯამლეთ ბაბილაშვილი
264 _aთბილისი :
_bმერიდიანი,
_c2013.
300 _a632 გვ .:
_bცხრ; სურ
_c24 სმ..
500 _aდანართები გვ: 524-556.
504 _aბიბლიოგრ.ტექსტ.შენიშვნ.გვ:606-613.
520 _aრეზ.რუს.და ინგ
546 _aმე-3 გვ.სათ.რუს.და ინგლ.ენ.
653 _aკრიმინალისტიკა
653 _aდანაშაულის გამოძიება
653 _aდანაშაულის გახსნის მეთოდიკა.
700 _aბაბილაშვილი, ჯამლეთ
_eრედაქტორი
_97990
942 _cBK
_2udc